Congressional ethics and the ethics committees : a selected annotated bibliography /

Bibliographic Details
Main Author: Lehmann, Mildred L.
Corporate Author: Library of Congress. Congressional Research Service
Format: Microform Book
Language:English
Published: [Washington, DC] : Library of Congress, Congressional Research Service, 1978.
Series:Major studies and issue briefs of the Congressional Research Service. Supplement ; 1978-79, reel 2, fr. 0914.
Subjects:

MARC

Tag First Indicator Second Indicator Subfields
LEADER 00000cam a2200000 a 4500
001 in00001368898
005 20151006083655.0
007 hd afa014baca
008 950801s1978 dcu a f000 0 eng d
035 |a (OCoLC)32903099 
035 |9 AHJ5181AM 
040 |a HDB  |c HDB  |d UtOrBLW 
049 |a TXAI 
090 |a JK1108  |b .M35 uppl. 1978-79 reel 2, fr. 0914 
099 |a film  |a S  |a 1707  |a  1978-79, reel 2, fr. 0914. 
100 1 |a Lehmann, Mildred L. 
245 1 0 |a Congressional ethics and the ethics committees :  |b a selected annotated bibliography /  |c Mildred L. Lehmann, Analyst in American National Government. 
264 1 |a [Washington, DC] :  |b Library of Congress, Congressional Research Service,  |c 1978. 
300 |a 87 pages ;  |c 28 cm. 
336 |a text  |b txt  |2 rdacontent 
337 |a microform  |b h  |2 rdamedia 
338 |a microfilm reel  |b hd  |2 rdacarrier 
500 |a Cover title. 
500 |a "Revised March 13, 1978." 
500 |a "February 13, 1975." 
500 |a "78-61G." 
500 |a "Government Division." 
533 |a Microfilm.  |b Arlington, VA :  |c University Publications of America,  |d 1979.  |e on 1 microfilm reel ; 35 mm. Low reduction.  |f (Major studies and issue briefs of the Congressional Research Service. 1978-79 supplement ; reel 2, fr. 0914). 
500 |a Microform. 
610 1 0 |a United States.  |b Congress  |x Ethics. 
650 0 |a Conflict of interests  |z United States. 
710 2 |a Library of Congress.  |b Congressional Research Service. 
830 0 |a Major studies and issue briefs of the Congressional Research Service.  |p Supplement ;  |v 1978-79, reel 2, fr. 0914. 
999 |a MARS 
999 f f |s 36d9c389-2790-315d-9b91-c833b09ce266  |i e68591d2-76d8-398c-80ac-2ef7a386ec1e  |t 0 
952 f f |p default  |a Texas A&M University  |b College Station  |c Sterling C. Evans Library  |d Evans: Microforms (3rd floor)  |t 0  |e film S 1707 1978-79, reel 2, fr. 0914.  |h Other scheme  |i microform -- microfilm reel 
998 f f |a film S 1707 1978-79, reel 2, fr. 0914.  |t 0  |l Evans: Microforms (3rd floor)